00386nam a22001337a 4500003000400000005001700004008004100021040000800062050001000070082001000080245008200090260007000172300001000242OSt20221121091751.0221121b |||||||| |||| 00| 0 eng d cDLC bC431E bC431E aElementary Management For Spiritual Leader/cby Mohan Chacko and C. Sundaraj. aDehradun, Uttarakhand:bPresbyterian Theological Seminary,c2010. a164p.